000 01080nam a22002777a 4500
003 dpl
005 20180711121509.0
008 180711b xxu||||| |||| 00| 0 eng d
010 _aA-967148
020 _c190.00
035 _aA-967148, A-967152
037 _bCen Lib/Ret
040 _aDPL
_bHN
_c0
082 _a
_bसिंहनि
100 _aसिंह, निर्मला
_960854
245 _aपिघलता सीसा /
_cनिर्मला सिंह
246 _aPighalta seesa /
_bby Nirmala Singh
260 _aनई दिल्ली
_bझारीसन
_c1999
270 _aएफ-3/16, गे हाउस, अंसारी रोड, दरियागंज
_bनई दिल्ली
_e110002
300 _a190पृ.
_c21सेमी (सजिल्द)
650 _aहिन्दी -- साहित्य
_960855
650 _aहिन्दी -- उपन्यास
_960856
650 _aHindi -- Literature
_960857
650 _aHindi -- Fiction
_927248
942 _2ddc
_cHN
_h
_mसिंहनि
999 _c115311
_d115311